[Event "Tata Steel Challengers"]
[Site "Wijk aan Zee NED"]
[Date "2025.01.25"]
[Round "7.4"]
[White "L'Ami, Erwin"]
[Black "Suleymanli, Aydin"]
[Result "1/2-1/2"]
[WhiteTitle "GM"]
[BlackTitle "GM"]
[WhiteElo "2614"]
[BlackElo "2623"]
[WhiteFideId "1007998"]
[BlackFideId "13413937"]
[EventDate "2025.01.18"]

1. e4 e5 2. Nf3 Nc6 3. Bc4 Nf6 4. d3 Bc5 5. Nc3 h6 6. Be3 Bb4 7. Nd2 Ne7 8. Bb3
c6 9. d4 d6 10. a3 Bxc3 11. bxc3 O-O 12. O-O Ng6 13. f3 Qe7 14. Re1 Be6 15. dxe5
dxe5 16. Bxe6 Qxe6 17. Qb1 b5 18. Qb3 Qc8 19. c4 a6 20. cxb5 cxb5 21. c4 Rb8 22.
Rac1 Qd7 23. Red1 Nf4 24. Bxf4 bxc4 25. Qxc4 exf4 26. Nb3 Rfc8 27. Qxc8+ Qxc8
28. Rxc8+ Rxc8 29. Nd4 Rc3 30. Ne2 Rxa3 31. Nxf4 g5 32. Ne2 Nh5 33. Rd6 Nf4 34.
Nxf4 Ra1+ 35. Kf2 gxf4 36. h4 Kg7 37. Rd5 Rb1 38. Ra5 Rb6 39. Kg1 f6 40. h5 Rb1+
41. Kh2 Rb5 1/2-1/2

[Event "Tata Steel Challengers"]
[Site "Wijk aan Zee NED"]
[Date "2025.01.25"]
[Round "7.5"]
[White "Vaishali, Rameshbabu"]
[Black "Bok, Benjamin"]
[Result "1/2-1/2"]
[WhiteTitle "GM"]
[BlackTitle "GM"]
[WhiteElo "2476"]
[BlackElo "2583"]
[WhiteFideId "5091756"]
[BlackFideId "1017063"]
[EventDate "2025.01.18"]

1. e4 c5 2. c3 Nf6 3. e5 Nd5 4. Bc4 Nb6 5. Bb3 c4 6. Bc2 d5 7. exd6 Qxd6 8. Na3
Nc6 9. b3 Ne5 10. Nxc4 Nbxc4 11. d4 Nb6 12. dxe5 Qxe5+ 13. Ne2 Bg4 14. Bf4 Qxf4
15. Nxf4 Bxd1 16. Rxd1 Rc8 17. Be4 Rxc3 18. Bxb7 e6 19. O-O Ba3 20. Rfe1 Ke7 21.
Ne2 Rc7 22. Bf3 Bb4 23. Rc1 Rd7 24. Red1 Rhd8 25. Rxd7+ Rxd7 26. g3 f5 27. Rc2
e5 28. Bc6 Rd2 29. Rxd2 Bxd2 30. a3 Kd6 31. Bb5 Kc5 32. Be8 a5 33. Kg2 Nd5 34.
h3 Nf6 35. Bf7 Kd6 36. Bc4 g5 37. Ba6 Nd5 38. Bc8 Ne7 39. Bb7 Kc7 40. Ba6 Kd6
41. Bb7 Nd5 42. Bc8 f4 43. Kf3 Nf6 44. gxf4 gxf4 45. Bb7 h6 46. Ba8 Kc5 47. Bb7
Kb5 48. Kg2 a4 49. bxa4+ Kxa4 50. Ng1 Bc1 51. Nf3 e4 52. Ne5 Bxa3 53. Ng4 Nxg4
54. hxg4 e3 1/2-1/2

[Event "Tata Steel Challengers"]
[Site "Wijk aan Zee NED"]
[Date "2025.01.25"]
[Round "7.6"]
[White "Gurel, Ediz"]
[Black "Yakubboev, Nodirbek"]
[Result "1-0"]
[WhiteTitle "GM"]
[BlackTitle "GM"]
[WhiteElo "2624"]
[BlackElo "2659"]
[WhiteFideId "44507356"]
[BlackFideId "14203987"]
[EventDate "2025.01.18"]

1. e4 e5 2. Nf3 Nc6 3. Bb5 Nf6 4. d3 Bc5 5. Bxc6 dxc6 6. Nbd2 Nd7 7. O-O O-O 8.
Nc4 Re8 9. a4 a5 10. Kh1 Bf8 11. Be3 b6 12. Nfd2 Nc5 13. f4 exf4 14. Bxf4 f6 15.
Qf3 Be6 16. Ne3 Qd7 17. Qg3 Re7 18. e5 f5 19. Nf3 Bd5 20. Nh4 Rf7 21. Bg5 Be6
22. Rf4 g6 23. Bf6 Rg7 24. Raf1 g5 25. Bxg5 h6 26. Nhxf5 Rxg5 27. Qh4 Bxf5 28.
Nxf5 Qh7 29. R4f3 Qg6 30. Qf2 Ne6 31. d4 Kh8 32. Nh4 Qg8 33. Nf5 Rd8 34. Qh4 Kh7
35. Nxh6 Bxh6 36. Rf7+ Ng7 37. R1f6 Rg6 38. Rxg6 1-0

[Event "Tata Steel Challengers"]
[Site "Wijk aan Zee NED"]
[Date "2025.01.25"]
[Round "7.7"]
[White "Nogerbek, Kazybek"]
[Black "Pijpers, Arthur"]
[Result "1/2-1/2"]
[WhiteTitle "GM"]
[BlackTitle "IM"]
[WhiteElo "2514"]
[BlackElo "2474"]
[WhiteFideId "13710427"]
[BlackFideId "1019554"]
[EventDate "2025.01.18"]

1. e4 c5 2. Nf3 d6 3. Nc3 Nc6 4. Bb5 e5 5. d3 Nf6 6. a4 Be7 7. h3 O-O 8. Bc4 Be6
9. Ng5 Qd7 10. O-O Bxc4 11. dxc4 h6 12. Nf3 Nd4 13. Be3 Qc6 14. Re1 Bd8 15. Nd2
Nh7 16. Nd5 Qd7 17. Ra3 Ne6 18. Qh5 Kh8 19. h4 Nd4 20. Bxd4 cxd4 21. Rf3 Qxa4
22. Rxf7 Rxf7 23. Qxf7 Bxh4 24. b3 Qa5 25. Nf3 Ng5 26. b4 Nxf7 27. bxa5 Bf6 28.
Rb1 Nd8 29. c5 dxc5 30. Nd2 Rc8 31. Nc4 Rc6 32. g3 g5 33. Nxf6 Rxf6 34. Rb5 Rc6
35. Nxe5 Rc7 36. Kg2 Kg7 37. f4 gxf4 38. gxf4 Ne6 39. Kf3 c4 40. Rb4 d3 41. c3
d2 42. Rb1 Nc5 43. Ke3 Nb3 44. Ke2 Nc5 45. Ke3 Nb3 46. Ke2 Nc5 47. Ke3 1/2-1/2